Fiqah al-arbia al maqarin (Record no. 1229927)

MARC details
000 -LEADER
fixed length control field 00586nam a2200205Ia 4500
005 - DATE AND TIME OF LATEST TRANSACTION
control field 20241129111325.0
008 - FIXED-LENGTH DATA ELEMENTS--GENERAL INFORMATION
fixed length control field 241129s9999||||xx |||||||||||||| ||und||
037 ## - SOURCE OF ACQUISITION
Stock number TB
040 ## - CATALOGING SOURCE
Original cataloging agency CRL
Language of cataloging eng
Transcribing agency CRL
041 ## - LANGUAGE CODE
Language code of text/sound track or separate title ara
Source of code ara
084 ## - COLON CLASSIFICATION NUMBER
Classification number P28:2-3 N9
Assigning agency CRL
100 ## - MAIN ENTRY--PERSONAL NAME
Personal name Baalbaki Ramzi Muneer Au.
9 (RLIN) 724077
245 #0 - TITLE STATEMENT
Title Fiqah al-arbia al maqarin
Statement of responsibility, etc. Baalbaki Ramzi Muneer Au.
260 ## - PUBLICATION, DISTRIBUTION, ETC.
Place of publication, distribution, etc. Beirut, Lebanon
Name of publisher, distributor, etc. Daraul ilm al malaien
Date of publication, distribution, etc. 1999
300 ## - PHYSICAL DESCRIPTION
Extent 277p.
365 ## - TRADE PRICE
Price type code INR
Price amount 1824
650 ## - SUBJECT ADDED ENTRY--TOPICAL TERM
Topical term or geographic name entry element Arabic Language
9 (RLIN) 31794
942 ## - ADDED ENTRY ELEMENTS (KOHA)
Koha item type Textbook
Classification part P28:2-3 N9
Holdings
Withdrawn status Lost status Damaged status Not for loan Home library Current library Date acquired Source of acquisition Cost, normal purchase price Inventory number Total Checkouts Full call number Barcode Date last seen Price effective from Koha item type
        Central Library Central Library 2024-11-29 Nadwi Publications 1824.00 1719 & 27/01/2024   P28:2-3 N9 CL1680730 2024-11-29 2024-11-29 Textbook
Copyright @ Delhi University Library System